| 000 | 00410nam a2200157Ia 4500 | ||
|---|---|---|---|
| 008 | 210716s2009 xx 000 0 und d | ||
| 020 | _a9788177585544 | ||
| 041 | _aeng | ||
| 082 | _a658.15 GITL | ||
| 100 | _aGitman, Lawrence J. | ||
| 245 | _aPrinciples of managerial finance. | ||
| 250 | _a11 | ||
| 260 |
_aNew Delhi _bPearson Education _c2009 |
||
| 300 | _axxx,685,I-13 | ||
| 650 | _aFinancial Management | ||
| 999 |
_c204398 _d204398 |
||